| 000 | 00840cam a2200301 a 4500 | ||
|---|---|---|---|
| 001 | 2406517 | ||
| 003 | OSt | ||
| 005 | 20140310181621.0 | ||
| 008 | 860915s1987 nyub j b 000 1 eng | ||
| 010 | _a 86025891 | ||
| 020 |
_a0689313098 : _c$12.95 |
||
| 040 |
_aDLC _cDLC _dDLC |
||
| 042 | _alcac | ||
| 050 | 0 | 0 |
_aPZ 7 _b.L58Re 1987 |
| 082 | 0 | 0 |
_aFIC _bL57r 1987 |
| 100 | 1 |
_aLevitin, Sonia, _d1934- _919558 |
|
| 245 | 1 | 4 |
_aThe return / _cSonia Levitin. |
| 250 | _a1st ed. | ||
| 260 |
_aNew York : _bAtheneum, _cc1987. |
||
| 300 |
_a213 p. : _bmap ; _c22 cm. |
||
| 650 | 1 |
_aJews _zEthiopia _xFiction. _919559 |
|
| 650 | 1 |
_aAntisemitism _xFiction. _919560 |
|
| 650 | 1 |
_aPrejudices _xFiction. _919561 |
|
| 651 | 1 |
_aEthiopia _xFiction. _919562 |
|
| 906 |
_a7 _bcbc _corignew _d1 _eocip _f19 _gy-gencatlg |
||
| 942 |
_2lcc _cBK-FIC |
||
| 999 |
_c153 _d153 |
||